MARC details
| 000 -LEADER |
| fixed length control field |
02243cam a2200385 a 4500 |
| 001 - CONTROL NUMBER |
| control field |
15303670 |
| 005 - DATE AND TIME OF LATEST TRANSACTION |
| control field |
20160922182032.0 |
| 008 - FIXED-LENGTH DATA ELEMENTS--GENERAL INFORMATION |
| fixed length control field |
080521s2009 paua b 001 0 eng |
| 010 ## - LIBRARY OF CONGRESS CONTROL NUMBER |
| LC control number |
2008022374 |
| 020 ## - INTERNATIONAL STANDARD BOOK NUMBER |
| International Standard Book Number |
978-0-8036-1944-9 |
| 020 ## - INTERNATIONAL STANDARD BOOK NUMBER |
| International Standard Book Number |
0-8036-1944-8 |
| 035 ## - SYSTEM CONTROL NUMBER |
| System control number |
(DNLM)101474544 |
| 040 ## - CATALOGING SOURCE |
| Original cataloging agency |
DNLM/DLC |
| Transcribing agency |
DLC |
| Modifying agency |
DLC |
| 042 ## - AUTHENTICATION CODE |
| Authentication code |
pcc |
| 050 00 - LIBRARY OF CONGRESS CALL NUMBER |
| Classification number |
RT62 |
| Item number |
.A53 2009 |
| 082 00 - DEWEY DECIMAL CLASSIFICATION NUMBER |
| Classification number |
DC 610.730693 |
| Edition number |
2009 |
| Item number |
An2n |
| 100 1# - MAIN ENTRY--PERSONAL NAME |
| Personal name |
Anderson, Mary Ann, |
| Dates associated with a name |
1946-2011. |
| 245 10 - TITLE STATEMENT |
| Title |
Nursing leadership, management, and professional practice for the LPN/LVN : |
| Remainder of title |
in nursing school and beyond / |
| Statement of responsibility, etc. |
Mary Ann Anderson. |
| 250 ## - EDITION STATEMENT |
| Edition statement |
Fourth Edition |
| 260 ## - PUBLICATION, DISTRIBUTION, ETC. (IMPRINT) |
| Place of publication, distribution, etc. |
Philadelphia : |
| Name of publisher, distributor, etc. |
F.A. Davis Co., |
| Date of publication, distribution, etc. |
c2009. |
| 300 ## - PHYSICAL DESCRIPTION |
| Extent |
viii, 360 pages : |
| Other physical details |
color illustrations ; |
| Dimensions |
26 cm. |
| 504 ## - BIBLIOGRAPHY, ETC. NOTE |
| Bibliography, etc |
Includes bibliographical references and index. |
| 505 0# - FORMATTED CONTENTS NOTE |
| Formatted contents note |
Historical perspective and current trends -- Caring as a personal and professional behavior -- Understanding the changing roles in nursing -- Healthcare environment -- Fulfill your role as a student -- The importance of critical thinking -- Entry into practice -- Employment process -- Leadership and management as a professional concept -- Communication skills in leadership and management -- Considering culture -- Understanding benefits of change -- Establishing meaningful priorities -- Welcome to conflict -- Dealing with chaos -- Ethics and law in nursing management -- Understanding use of power -- Motivating employees -- Team building -- Making assignments, counseling, and analyzing performance. |
| 650 #0 - SUBJECT ADDED ENTRY--TOPICAL TERM |
| Topical term or geographic name as entry element |
Practical nursing |
| Form subdivision |
Outlines, syllabi, etc. |
| 650 #0 - SUBJECT ADDED ENTRY--TOPICAL TERM |
| Topical term or geographic name as entry element |
Nursing services |
| General subdivision |
Administration |
| Form subdivision |
Outlines, syllabi, etc. |
| 650 12 - SUBJECT ADDED ENTRY--TOPICAL TERM |
| Topical term or geographic name as entry element |
Nursing, Practical |
| General subdivision |
organization & administration. |
| 650 22 - SUBJECT ADDED ENTRY--TOPICAL TERM |
| Topical term or geographic name as entry element |
Leadership. |
| 650 22 - SUBJECT ADDED ENTRY--TOPICAL TERM |
| Topical term or geographic name as entry element |
Nurse Administrators. |
| 650 22 - SUBJECT ADDED ENTRY--TOPICAL TERM |
| Topical term or geographic name as entry element |
Nursing Services |
| General subdivision |
organization & administration. |
| 650 22 - SUBJECT ADDED ENTRY--TOPICAL TERM |
| Topical term or geographic name as entry element |
Vocational Guidance. |
| 856 41 - ELECTRONIC LOCATION AND ACCESS |
| Materials specified |
Table of contents only |
| Uniform Resource Identifier |
<a href="http://www.loc.gov/catdir/toc/ecip0819/2008022374.html">http://www.loc.gov/catdir/toc/ecip0819/2008022374.html</a> |
| 906 ## - LOCAL DATA ELEMENT F, LDF (RLIN) |
| a |
7 |
| b |
cbc |
| c |
orignew |
| d |
1 |
| e |
ecip |
| f |
20 |
| g |
y-gencatlg |
| 942 ## - ADDED ENTRY ELEMENTS (KOHA) |
| Source of classification or shelving scheme |
Dewey Decimal Classification |
| Koha item type |
Circulation |